Normal view
MARC view
- Smith, Michael P
Entry Personal Name
001 - CONTROL NUMBER
- control field: 15707
003 - CONTROL NUMBER IDENTIFIER
- control field: OSt
005 - DATE AND TIME OF LATEST TRANSACTION
- control field: 20260311190517.0
008 - FIXED-LENGTH DATA ELEMENTS
- fixed length control field: 260311|| aca||aabn | a|a d
040 ## - CATALOGING SOURCE
- Original cataloging agency: OSt
- Transcribing agency: OSt
100 ## - HEADING--PERSONAL NAME
- Personal name: Smith, Michael P
670 ## - SOURCE DATA FOUND
- Source citation: Work cat.: (OSt)6179: Smith, Michael P., City, state, and market :, c1988.